000 00717cam a2200193 i 4500
005 20251210121217.0
008 250721s2006 jo gr 000 0 ara d
082 1 4 _a216.23
_bر د ا
100 1 _aالردايدة، أحمد حسن شحادة
_eمؤلف.
245 1 0 _aرسالة الصيام حقيقتها :
_bأحكامها .. بعض من عبرها /
_cتأليف الحاج احمد حسن شحاده الردايدة.
250 _aالطبعة الاولى.
264 3 1 _aاربد :
_bعلم الإنسان،
_c2006.
300 _a159 صفحة.
650 1 7 _aالصوم.
650 1 7 _aالعبادات.
650 1 7 _aالفقه الإسلامي.
942 _2ddc
_cBK
999 _c101821
_d101821